000
00244nam a2200097Ia 4500
001
799279
005
20250826170844.0
008
250824s9999 xx 000 0 und d
245
0
_a
SERMAYEM YOK DERDİMDEN BAŞKA
_c
SERDAR TUNCER
260
_b
KETEBE
999
_c
799279
_d
799279